Practical business math procedures /

Saved in:
Bibliographic Details
Main Author: Slater, Jeffrey (Author)
Format: Book
Language:English
Published: Homewood : IRWIN, 1987
Edition:2.ed.
Subjects:
Tags: Add Tag
No Tags, Be the first to tag this record!

MARC

LEADER 00000nam a22000003a 4500
001 stu2582
005 20150617225616.2
008 921022s1987----xxu-----------------eng-d
020 |a 0-256-03654-3 
040 |a STU  |b slo 
041 0 |a eng 
044 |a xxu 
080 |a 51-3 
080 |a 657 
100 1 |a Slater, Jeffrey  |4 aut 
245 1 |a Practical business math procedures /  |c [aut.] Slater,Jeffrey 
250 |a 2.ed. 
260 |a Homewood :  |b IRWIN,  |c 1987 
300 |a 442 s 
650 7 |a matematika  |2 stusub 
650 7 |a účtovníctvo  |2 stusub 
996 |b E77178  |c R*77178  |l RRUM  |s A  |a 24  |w stu2582_0001